[Event "Igualada op 14th"]
[Site "Igualada"]
[Date "2019.01.19"]
[Round "2"]
[White "Sole Balaguer, Josep M"]
[Black "Pinyol I Llora, Julia"]
[Result "0-1"]
[WhiteElo "1624"]
[BlackElo "1267"]
[PlyCount "64"]
[EventDate "2019.01.12"]
[EventType "swiss"]
[EventRounds "8"]
[EventCountry "ESP"]
[SourceTitle "CBM 189 Extra"]
[Source "ChessBase"]
[SourceDate "2019.06.03"]
[SourceVersion "1"]
[SourceVersionDate "2019.06.03"]
[SourceQuality "1"]

1. d4 d5 2. c4 e6 3. Nc3 Nf6 4. Nf3 Be7 5. e3 0-0 6. Bd3 b6 7. 0-0 dxc4 8. Bxc4 Bb7 9. Be2 c5 10. dxc5 Bxc5 11. Qc2 Qe7 12. h3 Nc6 13. a3 a5 14. e4 e5 15. Bg5 Nd4 16. Nxd4 exd4 17. Nd5 Qe5 18. Bxf6 gxf6 19. Bf3 f5 20. Rfe1 fxe4 21. Rxe4 Qd6 22. Rh4 f5 23. Qc4 Rf7 24. Qb3 a4 25. Qa2 Rd8 26. Nf4 Bxf3 27. gxf3 Rdd7 28. Re1 d3 29. Re8+ Kg7 30. Nh5+ Kh6 31. Qc4 d2 32. Ng3+ Kg6 0-1

[Event "Moia op 6th"]
[Site "Moia"]
[Date "2017.11.10"]
[Round "7"]
[White "Lazaro Valls, Xavier"]
[Black "Sole Balaguer, Josep M"]
[Result "1/2-1/2"]
[WhiteElo "1579"]
[BlackElo "1683"]
[PlyCount "144"]
[EventDate "2017.09.22"]
[EventType "swiss"]
[EventRounds "8"]
[EventCountry "ESP"]
[SourceTitle "CBM 189 Extra"]
[Source "ChessBase"]
[SourceDate "2019.06.03"]
[SourceVersion "1"]
[SourceVersionDate "2019.06.03"]
[SourceQuality "1"]

1. e4 e6 2. d4 d5 3. exd5 exd5 4. Nf3 Nc6 5. Nc3 Nf6 6. Bf4 Bb4 7. a3 Bxc3+ 8. bxc3 0-0 9. Bb5 Ne7 10. 0-0 Ne4 11. Ng5 Ng6 12. Nxe4 Nxf4 13. Ng3 Qg5 14. Re1 c6 15. Re5 Qf6 16. Bd3 Nxd3 17. Qxd3 g6 18. Qe3 Be6 19. Qh6 Qg7 20. Qf4 h6 21. Re3 g5 22. Qc7 Rab8 23. Rb1 Rfc8 24. Qe7 Re8 25. Qc5 Qg6 26. Re2 h5 27. Qxa7 h4 28. Nf1 b5 29. Qc7 Rec8 30. Qd6 Qh5 31. Qe5 Re8 32. f3 Ra8 33. Qd6 Rac8 34. Ne3 h3 35. g4 Qg6 36. Rbe1 Red8 37. Qg3 Qh7 38. Qe5 Qg6 39. Nd1 c5 40. Nf2 cxd4 41. cxd4 Qh7 42. Qxg5+ Qg7 43. Nxh3 Kf8 44. Qxg7+ Kxg7 45. Nf4 Rc3 46. Nxe6+ fxe6 47. Rxe6 Rxf3 48. Rb6 Rxa3 49. Rxb5 Rc8 50. Rxd5 Rxc2 51. Rg5+ Kh6 52. Rh5+ Kg6 53. Kh1 Raa2 54. Rg1 Rd2 55. d5 Rac2 56. Re1 Rc5 57. Re6+ Kf7 58. Re1 Rc4 59. Rf1+ Kg6 60. Rg1 Rxg4 61. Re5 Rxg1+ 62. Kxg1 Kf6 63. Re6+ Kf5 64. Re8 Rxd5 65. Rf8+ Kg6 66. h4 Rd2 67. Ra8 Kh5 68. Ra4 Rb2 69. Rc4 Rd2 70. Rb4 Ra2 71. Kh1 Rc2 72. Kg1 Rd2 1/2-1/2

[Event "Moia op 5th"]
[Site "Moia"]
[Date "2016.10.21"]
[Round "4"]
[White "Ramirez Rosich, Pere"]
[Black "Sole Balaguer, Josep M"]
[Result "1/2-1/2"]
[WhiteElo "1808"]
[BlackElo "1742"]
[PlyCount "94"]
[EventDate "2016.09.23"]
[EventType "swiss"]
[EventRounds "8"]
[EventCountry "ESP"]
[SourceTitle "EXT 2018"]
[Source "ChessBase"]
[SourceDate "2017.10.13"]
[SourceVersion "1"]
[SourceVersionDate "2017.10.13"]
[SourceQuality "1"]

1. c4 Nf6 2. Nc3 e6 3. g3 d5 4. cxd5 exd5 5. Bg2 c6 6. d3 Be6 7. Nf3 Nbd7 8. Ng5 Be7 9. Nxe6 fxe6 10. Bh3 e5 11. 0-0 0-0 12. Be6+ Kh8 13. e4 d4 14. Ne2 Qc7 15. f4 c5 16. fxe5 Nxe5 17. Bf4 Bd6 18. Rc1 Qe7 19. Qb3 b6 20. Bg5 h6 21. Bxf6 Rxf6 22. Rxf6 Qxf6 23. Rf1 Qg5 24. Nf4 Rf8 25. Bf5 Rf6 26. Qa4 g6 27. Qe8+ Rf8 28. Nxg6+ Nxg6 29. Qxg6 Qxg6 30. Bxg6 Rxf1+ 31. Kxf1 Kg7 32. Bf5 Kf6 33. Kf2 a5 34. a4 Be7 35. Kf3 Ke5 36. Kg4 Kf6 37. Kh5 Kg7 38. h4 Bd6 39. g4 c4 40. dxc4 d3 41. g5 hxg5 42. hxg5 d2 43. Bg4 Be5 44. Kh4 Kg6 45. Bh5+ Kg7 46. Bf3 Kg6 47. Bh5+ Kg7 1/2-1/2

[Event "Igualada op 11th"]
[Site "Igualada"]
[Date "2016.01.30"]
[Round "3"]
[White "Molina Taberner, Jordi"]
[Black "Sole Balaguer, Josep M"]
[Result "0-1"]
[WhiteElo "1415"]
[BlackElo "1760"]
[PlyCount "76"]
[EventDate "2016.01.16"]
[EventType "swiss"]
[EventRounds "8"]
[EventCountry "ESP"]
[SourceTitle "EXT 2017"]
[Source "ChessBase"]
[SourceDate "2016.10.25"]
[SourceVersion "1"]
[SourceVersionDate "2016.10.25"]
[SourceQuality "1"]

1. d4 d5 2. Nf3 e6 3. Bf4 Nc6 4. e3 a6 5. c3 Nf6 6. h3 h6 7. Bd3 Be7 8. Nbd2 0-0 9. 0-0 Nh5 10. Bh2 f5 11. Ne5 Nf6 12. Ng6 Rf7 13. Be2 Bd6 14. f4 Kh7 15. Bh5 Nxh5 16. Qxh5 Qf6 17. Ne5 Rf8 18. Ndf3 Bxe5 19. dxe5 Qe7 20. Nh4 Qf7 21. Qe2 Bd7 22. Rf3 Qh5 23. g3 Ne7 24. Qg2 d4 25. Rff1 Bc6 26. Qf2 g5 27. fxg5 hxg5 28. Nf3 dxe3 29. Qxe3 Rg8 30. Nd4 Bd5 31. g4 Qg6 32. gxf5 exf5 33. Kf2 f4 34. Qd2 c5 35. Nf3 Rad8 36. Nxg5+ Qxg5 37. Rg1 Qh4+ 38. Ke2 Bc4+ 0-1

[Event "Igualada op 11th"]
[Site "Igualada"]
[Date "2016.01.16"]
[Round "1"]
[White "Farell Duran, Josep"]
[Black "Sole Balaguer, Josep M"]
[Result "0-1"]
[WhiteElo "1517"]
[BlackElo "1760"]
[PlyCount "62"]
[EventDate "2016.01.16"]
[EventType "swiss"]
[EventRounds "8"]
[EventCountry "ESP"]
[SourceTitle "EXT 2017"]
[Source "ChessBase"]
[SourceDate "2016.10.25"]
[SourceVersion "1"]
[SourceVersionDate "2016.10.25"]
[SourceQuality "1"]

1. Nf3 d5 2. g3 c5 3. b3 Nf6 4. Bg2 Nc6 5. Bb2 e6 6. 0-0 Be7 7. d3 Qc7 8. c4 Bd7 9. cxd5 exd5 10. Nbd2 0-0-0 11. a3 Kb8 12. Rc1 Qb6 13. Be5+ Nxe5 14. Nxe5 Be6 15. Rb1 Bd6 16. Nef3 h6 17. Qc2 Rc8 18. Qb2 Rhe8 19. e4 dxe4 20. dxe4 Bc7 21. Ne5 Bxe5 22. Qxe5+ Qc7 23. Qxc7+ Rxc7 24. Rfd1 Rd8 25. Bf3 Rcd7 26. Rb2 b6 27. b4 c4 28. e5 Ng4 29. Bxg4 Bxg4 30. f3 c3 31. Rc2 Bf5 0-1

[Event "Moia op 2nd"]
[Site "Moia"]
[Date "2013.11.15"]
[Round "8"]
[White "Sanchez Millan, Angel"]
[Black "Sole Balaguer, Josep M"]
[Result "0-1"]
[WhiteElo "1700"]
[BlackElo "1762"]
[PlyCount "50"]
[EventDate "2013.09.20"]
[EventType "swiss"]
[EventRounds "8"]
[EventCountry "ESP"]
[SourceTitle "EXT 2015"]
[Source "ChessBase"]
[SourceDate "2014.11.20"]
[SourceVersion "1"]
[SourceVersionDate "2014.11.20"]
[SourceQuality "1"]

1. e4 e6 2. d4 d5 3. e5 c5 4. dxc5 Bxc5 5. a4 Nc6 6. Bb5 Bd7 7. Bxc6 Bxc6 8. Qg4 g6 9. Nf3 h5 10. Qf4 Be7 11. c4 dxc4 12. Qxc4 Qd5 13. Qxd5 Bxd5 14. Nbd2 0-0-0 15. 0-0 Nh6 16. Re1 Nf5 17. Ne4 Rd7 18. Nf6 Bxf6 19. exf6 Bxf3 20. gxf3 Nd4 21. Re2 Nxe2+ 22. Kf1 Nxc1 23. Rxc1+ Kb8 24. Rc3 Rhd8 25. Kg2 Rd5 0-1

[Event "Moia op 2nd"]
[Site "Moia"]
[Date "2013.09.27"]
[Round "2"]
[White "Morros Faura, Ricard"]
[Black "Sole Balaguer, Josep M"]
[Result "1-0"]
[WhiteElo "2178"]
[BlackElo "1762"]
[PlyCount "77"]
[EventDate "2013.09.20"]
[EventType "swiss"]
[EventRounds "8"]
[EventCountry "ESP"]
[SourceTitle "EXT 2015"]
[Source "ChessBase"]
[SourceDate "2014.11.20"]
[SourceVersion "1"]
[SourceVersionDate "2014.11.20"]
[SourceQuality "1"]

1. e4 e6 2. d4 d5 3. Nc3 dxe4 4. Nxe4 c5 5. Nxc5 Bxc5 6. dxc5 Qxd1+ 7. Kxd1 a6 8. Bf4 Nf6 9. Bd3 0-0 10. Nf3 Nc6 11. c3 Ng4 12. Bg3 Rd8 13. Kc2 h6 14. Rad1 Nf6 15. b4 Bd7 16. a3 e5 17. Nxe5 Nxe5 18. Bxe5 Ba4+ 19. Kb2 Bxd1 20. Rxd1 Ng4 21. Bd4 Re8 22. h3 Ne5 23. Be2 Rad8 24. f4 Nc6 25. Bf3 Nxd4 26. cxd4 Rb8 27. a4 Kf8 28. Kc3 Re3+ 29. Kc4 Ke8 30. b5 Kd8 31. b6 Kd7 32. a5 Kd8 33. d5 Kd7 34. Bg4+ Ke8 35. c6 bxc6 36. dxc6 Re4+ 37. Rd4 Rxd4+ 38. Kxd4 Rd8+ 39. Kc5 1-0

[Event "Sabadell Coral Colon op 6th"]
[Site "Sabadell"]
[Date "2012.02.17"]
[Round "2"]
[White "Sole Balaguer, Josep M"]
[Black "Fernandez Aguilar, Francisco"]
[Result "1-0"]
[WhiteElo "1758"]
[BlackElo "1947"]
[PlyCount "89"]
[EventDate "2012.02.10"]
[EventType "swiss"]
[EventRounds "9"]
[EventCountry "ESP"]
[SourceTitle "EXT 2014"]
[Source "ChessBase"]
[SourceDate "2013.11.20"]
[SourceVersion "1"]
[SourceVersionDate "2013.11.20"]
[SourceQuality "1"]

1. e4 e5 2. Nf3 Nc6 3. Bc4 Nf6 4. Ng5 d5 5. exd5 Na5 6. Bb5+ Bd7 7. Qe2 Be7 8. Nc3 0-0 9. 0-0 c6 10. dxc6 Nxc6 11. Bxc6 Bxc6 12. d3 Nd5 13. Nge4 f5 14. Nxd5 Qxd5 15. c4 Qf7 16. Nc3 f4 17. f3 Rad8 18. Rd1 Bc5+ 19. Kh1 Qf5 20. Ne4 Bxe4 21. dxe4 Qe6 22. Rd5 Bd4 23. Rb1 Rc8 24. b3 Qa6 25. h3 Rfd8 26. a4 Rxd5 27. exd5 Qg6 28. Qe4 Qxe4 29. fxe4 g5 30. Bb2 Be3 31. Bxe5 Kf7 32. Bb2 Rg8 33. e5 g4 34. e6+ Ke8 35. Rf1 gxh3 36. gxh3 Rg3 37. Kh2 Bd2 38. Be5 Rxb3 39. Bxf4 Bxf4+ 40. Rxf4 Ra3 41. d6 Rd3 42. d7+ Ke7 43. Re4 b6 44. Re5 Rd4 45. Rd5 1-0

[Event "Barcelona Tona op 1st"]
[Site "Barcelona"]
[Date "2011.12.05"]
[Round "2"]
[White "Puigvert Vigo, Lluis"]
[Black "Sole Balaguer, Josep M"]
[Result "0-1"]
[WhiteElo "1811"]
[BlackElo "1902"]
[PlyCount "123"]
[EventDate "2011.12.05"]
[EventType "swiss"]
[EventRounds "8"]
[EventCountry "ESP"]
[SourceTitle "CBM 145 Extra"]
[Source "ChessBase"]
[SourceDate "2012.01.03"]
[SourceVersion "1"]
[SourceVersionDate "2012.01.03"]
[SourceQuality "1"]

1. e4 e5 2. Nf3 Nc6 3. d4 exd4 4. Bc4 d6 5. c3 Ne5 6. Bb3 Bg4 7. cxd4 Nxf3+ 8. gxf3 Bh5 9. Nc3 Nf6 10. Bg5 Be7 11. Qd3 a6 12. 0-0-0 h6 13. Bh4 b5 14. Rhg1 g5 15. Bg3 c5 16. dxc5 dxc5 17. Qe3 Qc8 18. e5 Nh7 19. Bd5 Ra7 20. Rge1 Qf5 21. Ne4 0-0 22. Rg1 Rd7 23. Nd6 Bxd6 24. exd6 Nf6 25. Bc6 Rdd8 26. Be5 Bg6 27. Be4 Nxe4 28. Qxe4 Qxe4 29. fxe4 Bxe4 30. Bf6 Rd7 31. f4 Bg6 32. fxg5 hxg5 33. Rxg5 Re8 34. Be7 Kg7 35. Rdg1 Rh8 36. R1g2 Rh3 37. Rxc5 Rd3 38. h4 Kh7 39. Rc6 Be4 40. Rxa6 Bxg2 41. Rb6 Rd5 42. Kc2 f5 43. Bg5 R7xd6 44. Rb7+ Rd7 45. Rb6 Be4+ 46. Kc3 Rf7 47. Bf4 Ra7 48. a3 Ra4 49. b3 Rxa3 50. Kb2 Ra8 51. Rh6+ Kg8 52. Rg6+ Kf7 53. Rb6 Rg8 54. Bg5 Rc8 55. Rf6+ Kg7 56. Rb6 Rc2+ 57. Ka3 Rg2 58. Bf6+ Kg6 59. Bg5+ Kh5 60. Rh6+ Kg4 61. Be7 f4 62. Rh8 0-1